000 00716nam a22002297a 4500
001 60492
003 UA-OsUOA
005 20220124133251.0
007 ta
008 20090521b un ||||| |||| 00| 0 ukr d
020 _a9660230184
040 _aUA-OsUOA
_bukr
_cUA-OsUOA
_dUA-OsUOA
041 _aukr
080 _a011:027.54
090 _a011:027.54
_bУ45
245 _aУкраїномовна книга у фондах Національної бібліотеки України ім. В. І. Вернадського 1798 – 1923
260 _aК.
_c2003
300 _a690 с.
650 7 _a01 Бібліографія і бібліографії. Каталоги
_2UDC
942 _cBK
_2udc
955 _a1
999 _c346509
_d346509